000 00926cam a22002771 4500
001 sa 68012545
003 DLC
005 20260227112611.0
008 891013m19519999ii c 000 0 sano
010 _asa 68012545
035 _a(OCoLC)20488416
040 _aDLC
_cWaU
_dDLC
041 0 _asanmar
042 _apremarc
050 0 0 _aPK541
_b.B489
100 0 _aBhaṭṭojī Dīkṣita.
245 1 0 _aPrauḍha manoramā.
260 _c1951-
300 _av.
_bports.
_c19 cm.
500 _aA commentary on the author's Siddhānta kaumadi, which is in turn a commentary on Pānini's Aṣṭādhyāyī.
500 _aIn Sanskrit ; introductory matter and commentary in Marathi.
650 0 _aSanskrit language
_xGrammar.
700 0 _aHaridīkṣita.
_tŚabdaratna.
700 1 _aWadegaonkar, Narayan Dajiba,
_d1871-1950.
740 0 _aManoramā va śabdaratna yāñcẽ vivaranātmaka Marāṭhī bhāshāntara.
999 _c84584
_d84584